00612nam a2200181 i 4500001000300000245006800003260005500071650002200126700003500148040000800183041001300191080001400204942000700218008004100225999001700266856009800283952004900381bg00aPółprzewodniki :bpraca zbiorowa /cpod red. N.nB. Hannaya. aWarszawa :bWydawnictwa Naukowo-Techniczne,c1964. 9aPółprzewodniki1 aHANNAY, Norman Bruced(1921- ) cBPK1 apolheng a621.315.5 cKS s pl f |000 0 pol  c35496d35496 uhttp://koha.tu.koszalin.pl/cgi-bin/koha/opac-detail.pl?biblionumber=35496yKatalog online BPK 00104070aBPKbBPKcwoS 243p02327686yKS